Statistics for Most Common JetPunk Answers

Click here to take the quiz!

General Stats

  • This quiz has been taken 75 times
  • The average score is 8 of 15

Answer Stats

QuizAnswer% Correct
Countries of the WorldUnited States
100%
Fast Food Restaurants QuizMcdonald
86%
Three Letter AnimalsDog
83%
Name the PokemonPikachu
76%
Most Common GemsDiamond
74%
Super Smash Brothers CharactersMario
60%
Biggest World Cities by Letter - CCairo
53%
Avengers Team MembersCaptain America
50%
Bill Murray MoviesGhostbusters
43%
Famous IslandsMadagascar
39%
NFL Football TeamsPatriots
39%
Futurama CharactersBender
36%
Seven Wonders of the Natural WorldGrand Canyon
29%
Car BrandsVolkswagen
19%
Movies that Start with MMary Poppins
4%

Score Distribution

Percentile by Number Answered

Percent of People with Each Score

Your Score History

You have not taken this quiz